MARC

LEADER 00000nam0a2200000 4500
001 36066
005 20231031001005.0
035 |a (RuTPU)RU\TPU\book\36528 
035 |a BOOK00003180 
090 |a 36066 
100 |a 20011210d1984 km y0rusy50 ca 
101 0 |a rus 
102 |a RU 
105 |a a z 001zy 
200 1 |a Аналитическая химия промышленных сточных вод  |f Ю. Ю. Лурье 
210 |a Москва  |c Химия  |d 1984 
215 |a 447 с.  |c ил. 
610 1 |a химия 
610 1 |a сточные воды 
610 1 |a химические анализы 
610 1 |a очистка 
610 1 |a химические методы 
610 1 |a физико-химические методы 
610 1 |a биохимические методы 
675 |a 628.543  |v 3 
700 1 |a Лурье  |b Ю. Ю.  |g Юлий Юльевич 
801 0 |a RU  |b 63413507  |c 20011210  |g PSBO 
801 2 |a RU  |b 63413507  |c 20150420  |g PSBO 
900 |a Экология 
900 |a Основы охраны окружающей среды 
942 |c BK